00610nam a2200169 i 450000100060000000300090000600500170001500700030003200800410003510000410007624501660011726000340028330000220031770000240033974000560036385200210041969892ES-MaACL20230906170642.0t|040713s1976 sp |||| | spa d1 aGarcía Lorca, Federico,d1898-193610aAsí que pasen cinco años b; Amor de Don Perlimplín con Belisa en su jardín / cFederico García Lorca ; edición y estudio preliminar de E.F. Granell. a[Madrid] : bTaurus, c[1976] a165 p. ; c19 cm.1 aGranell, Eugenio F.02aAmor de Don Perlimplín con Belisa en su jardín. aES-MaACLjA-5783